Ciudades mayas /

Guardado en:
書目詳細資料
主要作者: Piña Chan, Román (autor)
其他作者: Gurría Lacroix, Jorge (edición) (edición)
格式: 圖書
語言:西班牙语
出版: México : INAH, 1958
標簽: 添加標簽
沒有標簽, 成為第一個標記此記錄!

MARC

LEADER 00000nam^a2200000^a^4500
001 000615292
005 20250530000000.0
009 20260310133658.439
025 |a Donación Robles Martínez, 1 ejemplar 
037 |a Acervo ITESO - Biblioteca 
041 |a ESP 
091 |a FRM. 00132 
100 |a Piña Chan, Román  |e (autor) 
245 1 0 |a Ciudades mayas / 
264 1 |a México :  |b INAH,  |c 1958 
300 |a 85 p. 
336 |a texto  |b txt  |2 rdacontenido 
337 |a sin mediación  |b n  |2 rdamedio 
338 |a volumen  |b nc  |2 rdasoporte 
649 |a XX 
700 |a Gurría Lacroix, Jorge  |e (edición) 
910 |a Fondo Robles Martínez 
920 |a Impresos - Libros 
930 |a Fondos Especiales 
905 |a 123 
901 |a 615683-10  |b IT2  |c ESP  |i D  |u 20250530 
902 |a https://opac.biblio.iteso.mx/vufind/Record/000615292